000 00550nam a2200181Ia 4500
003 GCL
008 140319s9999 xx 000 0 ara d
040 _aGCL /
_cGCL
082 0 4 _a927
_bس ج
100 1 _aدرينى خشبة
245 1 0 _aحياتى فى الفن الجزء الاول /
_cدرينى خشبة
700 1 _aستانسلافكى، ك
300 _a509 ص
490 _aالهيئة العامة للاستعلامات
_v0
650 0 4 _aستانسلافسكى، ك.
650 0 4 _aالفنانون - تراجم
942 _2ddc
_cBK
999 _c50930
_d50930